[Event "13th Reykjavik op"]
[Site "Reykjavik ISL"]
[Date "1988.02.28"]
[Round "5.13"]
[White "Ostenstad, Berge"]
[Black "Olafsson, David"]
[Result "1-0"]
[WhiteElo "2410"]
[BlackElo "2285"]
[EventDate "1988.02.23"]
[PlyCount "75"]

1.d4 Nf6 2.Nf3 e6 3.c4 d5 4.Bg5 Be7 5.Nc3 O-O 6.e3 b6 7.Qc2 Bb7 8.Bxf6 
Bxf6 9.cxd5 exd5 10.Bd3 h6 11.O-O Nd7 12.b4 Qe7 13.Rab1 Rab8 14.b5 Rfc8 
15.Rfc1 Nf8 16.Qb3 Qd7 17.Ne1 Be7 18.Bf1 Ne6 19.Nd3 Qd6 20.g3 Ng5 21.Bg2 
Ne4 22.Rc2 Rd8 23.Ne5 Nf6 24.Ne2 a6 25.Nc6 Bxc6 26.Rxc6 Qd7 27.Rbc1 Bd6 
28.bxa6 Ra8 29.Qb5 Ra7 30.Nc3 Be7 31.a4 g6 32.Ne2 Kg7 33.Nf4 Ba3 34.R1c3 
Be7 35.Bh3 Qe8 36.Rxc7 Raa8 37.R3c6 g5 38.Rxf6 1-0

[Event "13th Reykjavik op"]
[Site "Reykjavik ISL"]
[Date "1988.02.28"]
[Round "5.14"]
[White "Polgar, Zsofia"]
[Black "Hansson, Dan"]
[Result "0-1"]
[WhiteElo "2320"]
[BlackElo "2280"]
[EventDate "1988.02.23"]
[PlyCount "80"]

1.e4 e5 2.f4 d5 3.exd5 c6 4.Nc3 exf4 5.Nf3 Bd6 6.d4 Ne7 7.Bd3 cxd5 8.Nb5 
Nbc6 9.O-O h6 10.Qe1 g5 11.h4 Bg4 12.Ne5 Nxe5 13.dxe5 Bc5+ 14.Kh2 a6 15.b4
axb5 16.bxc5 Be6 17.Bxb5+ Kf8 18.Bd3 Qc7 19.a4 Kg7 20.Qf2 Qxe5 21.Rb1 Rxa4
22.Re1 Qf6 23.Bb5 Ra2 24.Bd3 Nc6 25.Rxb7 Ne5 26.Qe2 Nxd3 27.Qxd3 g4 28.Kg1
Re8 29.Rb4 Bf5 30.Qd2 Rxe1+ 31.Qxe1 f3 32.gxf3 gxf3 33.Qg3+ Kh7 34.Qxf3 
Rxc2 35.Be3 Qg6+ 36.Kf1 Be4 37.Rxe4 dxe4 38.Qh3 Qh5 39.Bf2 Qd1+ 40.Kg2 Qh5
0-1

[Event "13th Reykjavik op"]
[Site "Reykjavik ISL"]
[Date "1988.02.28"]
[Round "5.15"]
[White "Karason, Askell Orn"]
[Black "Vidarsson, Jon"]
[Result "0-1"]
[WhiteElo "2235"]
[BlackElo "2305"]
[EventDate "1988.02.23"]
[PlyCount "78"]

1.Nf3 c5 2.c4 Nf6 3.Nc3 g6 4.d4 cxd4 5.Nxd4 Bg7 6.e4 d6 7.Be3 Ng4 8.Nc2 
Nxe3 9.Nxe3 Nc6 10.Qd2 O-O 11.Rc1 a6 12.Bd3 Qa5 13.Bb1 Rd8 14.b3 e6 15.O-O
Bd7 16.Kh1 Rac8 17.f4 Be8 18.f5 Ne5 19.f6 Bh6 20.Qe2 b5 21.Ncd1 bxc4 22.
bxc4 Qb4 23.Nb2 Qa3 24.Nd3 Nxd3 25.Bxd3 d5 26.exd5 exd5 27.Rcd1 Bxe3 28.
Qxe3 dxc4 29.Qh6 Qf8 30.Qxf8+ Kxf8 31.Be4 Rxd1 32.Rxd1 c3 33.Kg1 Ba4 34.
Rc1 c2 35.Kf2 Rd8 36.Bxc2 Rc8 37.Bxa4 Rxc1 38.g4 Rc4 39.Bd1 Rf4+ 0-1

[Event "13th Reykjavik op"]
[Site "Reykjavik ISL"]
[Date "1988.02.28"]
[Round "5.19"]
[White "Sorensen, Torben"]
[Black "Thorsteinsson, Thorsteinn"]
[Result "1-0"]
[WhiteElo "2360"]
[BlackElo "2295"]
[EventDate "1988.02.23"]
[PlyCount "121"]

1.Nf3 d5 2.c4 e6 3.d4 Nf6 4.Nc3 Nbd7 5.Bg5 Be7 6.e3 O-O 7.Qc2 c6 8.Rd1 a6 
9.a3 b5 10.c5 Ne8 11.h4 f5 12.Ne2 Ndf6 13.Ne5 Bd7 14.Nf4 Nc7 15.Bd3 Ne4 
16.Bxe7 Qxe7 17.f3 Nf6 18.h5 Be8 19.Qf2 Nd7 20.Nxc6 Qf6 21.Nb4 a5 22.Nc2 
e5 23.dxe5 Qxe5 24.Nd4 Nxc5 25.O-O N5e6 26.Nfxe6 Nxe6 27.h6 g5 28.f4 gxf4 
29.Nxe6 fxe3 30.Qf3 Qxe6 31.Bxf5 Rxf5 32.Qxf5 Qxf5 33.Rxf5 Bf7 34.Re5 Ra6 
35.Rxe3 Rxh6 36.Re7 Rd6 37.Rb7 d4 38.Rxb5 d3 39.Rd2 a4 40.Kf2 Bb3 41.Rxb3 
axb3 42.Ke3 Re6+ 43.Kxd3 Rc6 44.Kd4 Rc2 45.Ke3 Rc6 46.g3 Rg6 47.Kf4 Rb6 
48.Rd4 Rf6+ 49.Ke3 Rg6 50.g4 Re6+ 51.Kd3 Re1 52.Kc4 Re3 53.a4 Kg7 54.a5 
Re5 55.Rd5 Re4+ 56.Kxb3 Rxg4 57.a6 Kf6 58.a7 Rg8 59.Ra5 Ra8 60.Kc4 h5 61.
Kc5 1-0

[Event "13th Reykjavik op"]
[Site "Reykjavik ISL"]
[Date "1988.02.28"]
[Round "5.20"]
[White "Bjarnason, Saevar"]
[Black "Briem, Stefan"]
[Result "1-0"]
[WhiteElo "2335"]
[BlackElo "2225"]
[EventDate "1988.02.23"]
[PlyCount "81"]

1.Nf3 f5 2.b3 d6 3.d4 Nf6 4.Bb2 g6 5.g3 Bg7 6.Bg2 O-O 7.O-O c6 8.Nbd2 a5 
9.a4 Na6 10.Ne1 d5 11.Nd3 Be6 12.e3 Ne4 13.Nf3 Rc8 14.Nf4 Bf7 15.Ne5 Bxe5 
16.dxe5 e6 17.Ba3 Re8 18.Nd3 b6 19.f3 Nec5 20.Nxc5 Nxc5 21.Qd2 Nb7 22.Rad1
Qc7 23.e4 Qxe5 24.f4 Qc7 25.exf5 gxf5 26.Bb2 c5 27.Be5 Nd6 28.g4 Qd7 29.
Qf2 Bg6 30.Qh4 Nf7 31.Bf6 d4 32.c3 d3 33.gxf5 exf5 34.c4 Re4 35.Ba1 Rc6 
36.Qg3 Kf8 37.Rxd3 Qe6 38.Kh1 Rc8 39.Bxe4 fxe4 40.Rd5 Nh6 41.f5 1-0

[Event "13th Reykjavik op"]
[Site "Reykjavik ISL"]
[Date "1988.02.29"]
[Round "6.1"]
[White "Arnason, Jon"]
[Black "Olafsson, Helgi"]
[Result "1-0"]
[WhiteElo "2510"]
[BlackElo "2510"]
[EventDate "1988.02.23"]
[PlyCount "47"]

1.e4 c5 2.Nf3 d6 3.d4 cxd4 4.Nxd4 Nf6 5.Nc3 a6 6.g3 e5 7.Nb3 Nbd7 8.a4 Be7
9.Bg2 O-O 10.O-O Rb8 11.a5 b5 12.axb6 Nxb6 13.Na5 Qc7 14.Qd3 Nbd7 15.Nd5 
Nxd5 16.exd5 Bf6 17.Nc6 Ra8 18.Bd2 Nc5 19.Qc4 Bf5 20.b4 Nb7 21.Rxa6 Rxa6 
22.Qxa6 Bxc2 23.Rc1 Bf5 24.Na5 1-0

[Event "13th Reykjavik op"]
[Site "Reykjavik ISL"]
[Date "1988.02.29"]
[Round "6.3"]
[White "Petursson, Margeir"]
[Black "Thorhallsson, Throestur"]
[Result "0-1"]
[WhiteElo "2540"]
[BlackElo "2415"]
[EventDate "1988.02.23"]
[PlyCount "98"]

1.Nf3 Nf6 2.c4 e6 3.g3 d5 4.d4 c6 5.Bg2 Nbd7 6.Qc2 dxc4 7.Qxc4 a6 8.O-O c5
9.Qc2 cxd4 10.Nxd4 Bc5 11.Rd1 O-O 12.Nc3 Qe7 13.a3 Rd8 14.b4 Ba7 15.Na4 
Nf8 16.Bb2 Bd7 17.Nc5 Rac8 18.Qb3 Bxc5 19.bxc5 e5 20.Nf3 Rxc5 21.a4 Be6 
22.Qa3 Rxd1+ 23.Rxd1 Qc7 24.Ng5 h6 25.Nxe6 Nxe6 26.Qd3 Qa5 27.Ra1 Qb4 28.
Ba3 Qxa4 29.Bxb7 e4 30.Qd6 e3 31.f4 a5 32.Bf3 Rc2 33.Qb8+ Kh7 34.Bb2 Qc4 
35.Qe5 Rxe2 36.Bxe2 Qxe2 37.Rf1 Ng4 38.Qe4+ g6 39.Qg2 Nf2 40.Be5 Nc5 41.
Rb1 Nce4 42.Rb8 f6 43.Bxf6 Qd1+ 44.Qf1 Nxf6 45.Qxd1 Nxd1 46.Kf1 Nc3 47.g4 
Nxg4 48.Rb3 Nxh2+ 49.Kg2 e2 0-1

[Event "13th Reykjavik op"]
[Site "Reykjavik ISL"]
[Date "1988.02.29"]
[Round "6.4"]
[White "Christiansen, Larry"]
[Black "Hoi, Carsten"]
[Result "1/2-1/2"]
[WhiteElo "2575"]
[BlackElo "2405"]
[EventDate "1988.02.23"]
[PlyCount "126"]

1.d4 d6 2.e4 Nf6 3.Nc3 g6 4.Nf3 Bg7 5.h3 O-O 6.Be3 a6 7.a4 Nc6 8.d5 Ne5 9.
Nxe5 dxe5 10.Bc4 Ne8 11.Qd2 Nd6 12.Bb3 Kh8 13.O-O Bd7 14.f4 exf4 15.Bxf4 
e5 16.dxe6 Bxe6 17.Rad1 Bxb3 18.cxb3 Rc8 19.e5 Nf5 20.Qf2 Qe7 21.g4 Nh6 
22.Nd5 Qe6 23.Bxh6 Bxh6 24.Qf6+ Qxf6 25.Nxf6 Rcd8 26.Kg2 Rxd1 27.Rxd1 Bf4 
28.Rf1 g5 29.Kf3 Rd8 30.Ke4 Rd2 31.Kf5 Kg7 32.h4 h6 33.Nh5+ Kf8 34.Nxf4 
gxf4 35.Rxf4 Rxb2 36.b4 Ke7 37.h5 Re2 38.Rf1 Rg2 39.b5 axb5 40.axb5 Rb2 
41.g5 hxg5 42.Rc1 Rxb5 43.Rxc7+ Kf8 44.h6 Kg8 45.h7+ Kxh7 46.Rxf7+ Kg8 47.
Rc7 Rb1 48.Kf6 Rf1+ 49.Ke7 g4 50.e6 g3 51.Rc3 Rg1 52.Re3 g2 53.Ke8 Kg7 54.
e7 Kh6 55.Re2 b5 56.Rd2 b4 57.Kd7 Re1 58.Rxg2 Rd1+ 59.Ke8 b3 60.Rb2 Rd3 
61.Rh2+ Kg7 62.Rf2 Kg8 63.Rf6 b2 1/2-1/2

[Event "13th Reykjavik op"]
[Site "Reykjavik ISL"]
[Date "1988.02.29"]
[Round "6.5"]
[White "Einarsson, Halldor"]
[Black "Dolmatov, Sergei"]
[Result "0-1"]
[WhiteElo "2215"]
[BlackElo "2565"]
[EventDate "1988.02.23"]
[PlyCount "54"]

1.e4 e6 2.d4 d5 3.Nd2 a6 4.Ngf3 c5 5.exd5 exd5 6.dxc5 Bxc5 7.Nb3 Be7 8.Bd3
Nf6 9.O-O Bg4 10.Re1 O-O 11.c3 Nc6 12.Bg5 h6 13.Bh4 Qb6 14.Bc2 Ne4 15.Qxd5
Bxf3 16.gxf3 Bxh4 17.Qxe4 Bxf2+ 18.Kf1 g6 19.Re2 Rae8 20.Qc4 Rxe2 21.Qxe2 
Bh4 22.Bxg6 fxg6 23.Qc4+ Rf7 24.Qxh4 Ne5 25.Kg2 Nxf3 26.Qe4 Qd6 27.Rh1 
Nh4+ 0-1

[Event "13th Reykjavik op"]
[Site "Reykjavik ISL"]
[Date "1988.02.29"]
[Round "6.7"]
[White "Hansson, Dan"]
[Black "Adorjan, Andras"]
[Result "1/2-1/2"]
[WhiteElo "2280"]
[BlackElo "2540"]
[EventDate "1988.02.23"]
[PlyCount "23"]

1.e4 c6 2.d3 g6 3.Nf3 Bg7 4.g3 e5 5.Bg2 Ne7 6.O-O O-O 7.Nbd2 f5 8.Re1 d6 
9.c3 Kh8 10.Qb3 Na6 11.d4 fxe4 12.d5 1/2-1/2

[Event "13th Reykjavik op"]
[Site "Reykjavik ISL"]
[Date "1988.02.29"]
[Round "6.8"]
[White "Browne, Walter Shawn"]
[Black "Stefansson, Hannes Hlifar"]
[Result "1/2-1/2"]
[WhiteElo "2530"]
[BlackElo "2395"]
[EventDate "1988.02.23"]
[PlyCount "80"]

1.d4 Nf6 2.c4 e6 3.Nf3 c5 4.d5 exd5 5.cxd5 d6 6.Nc3 g6 7.Bf4 a6 8.a4 Bg7 
9.e4 Bg4 10.Be2 Bxf3 11.Bxf3 O-O 12.O-O Qe7 13.Re1 Nbd7 14.Qd2 Rfe8 15.a5 
h5 16.Na4 Ne5 17.Nb6 Rad8 18.Bg5 Ned7 19.Nc4 Ne5 20.Nb6 Ned7 21.Rac1 Nxb6 
22.axb6 Rc8 23.h4 Qd7 24.b4 c4 25.Bf4 Ng4 26.Bxg4 hxg4 27.Qe2 c3 28.Qd3 f5
29.Qg3 Rxe4 30.Rxe4 fxe4 31.Bxd6 Qf5 32.Bc5 Be5 33.Qe3 Bf4 34.Qxc3 Bxc1 
35.Qxc1 Qxd5 36.Qh6 Qh5 37.Qf4 Qf5 38.Qd6 Qf7 39.Bd4 Re8 40.h5 Qe6 1/2-1/2

[Event "13th Reykjavik op"]
[Site "Reykjavik ISL"]
[Date "1988.02.29"]
[Round "6.9"]
[White "Thorsteins, Karl"]
[Black "Dizdar, Goran"]
[Result "1/2-1/2"]
[WhiteElo "2440"]
[BlackElo "2490"]
[EventDate "1988.02.23"]
[PlyCount "68"]

1.e4 c5 2.Nf3 Nc6 3.d4 cxd4 4.Nxd4 e6 5.Nc3 a6 6.Be2 Qc7 7.O-O Nf6 8.Be3 
Bb4 9.Nxc6 bxc6 10.Na4 Rb8 11.c4 Be7 12.Bd3 c5 13.f4 d6 14.Qe2 O-O 15.Nc3 
Bb7 16.Rae1 Bc6 17.Bc1 Nd7 18.e5 Rbe8 19.Qc2 g6 20.exd6 Bxd6 21.Be4 Nb8 
22.Rd1 Rd8 23.Qf2 Be7 24.Be3 Nd7 25.Qf3 Bxe4 26.Nxe4 Nf6 27.Nc3 Rxd1 28.
Rxd1 Rd8 29.Rxd8+ Qxd8 30.Qd1 Qc8 31.h3 Qc7 32.Qd2 Qc6 33.Qd3 h5 34.Bf2 
Bf8 1/2-1/2

[Event "13th Reykjavik op"]
[Site "Reykjavik ISL"]
[Date "1988.02.29"]
[Round "6.11"]
[White "Gausel, Einar"]
[Black "Schoen, Wolfram"]
[Result "1-0"]
[WhiteElo "2360"]
[BlackElo "2450"]
[EventDate "1988.02.23"]
[PlyCount "69"]

1.d4 Nf6 2.c4 c5 3.e3 g6 4.Nf3 Bg7 5.Nc3 b6 6.Be2 Bb7 7.O-O cxd4 8.exd4 
O-O 9.d5 d6 10.Re1 Nbd7 11.Nd4 a6 12.a4 Rc8 13.b3 Re8 14.Bf1 Nf8 15.Bb2 e5
16.dxe6 fxe6 17.Rc1 Rc7 18.Rc2 Nh5 19.g3 Qa8 20.Bh3 Rf7 21.Ba3 Be5 22.Rce2
Qd8 23.Ne4 d5 24.Ng5 Qxg5 25.Rxe5 Qf6 26.f4 Nxf4 27.gxf4 Qxf4 28.Bg2 Qf2+ 
29.Kh1 dxc4 30.Bxb7 Rxb7 31.Rf1 Qh4 32.Bxf8 Rd7 33.Qf3 Qxd4 34.Bh6 Qd6 35.
Rxe6 1-0

[Event "13th Reykjavik op"]
[Site "Reykjavik ISL"]
[Date "1988.02.29"]
[Round "6.12"]
[White "Gislason, Gudmundur"]
[Black "Akesson, Ralf"]
[Result "1-0"]
[WhiteElo "2295"]
[BlackElo "2445"]
[EventDate "1988.02.23"]
[PlyCount "95"]

1.d4 Nf6 2.c4 e6 3.Nc3 Bb4 4.e3 O-O 5.Bd3 d5 6.cxd5 exd5 7.Ne2 Re8 8.O-O 
Bf8 9.Bd2 b6 10.Rc1 Bb7 11.Ng3 c5 12.Nce2 Nc6 13.dxc5 bxc5 14.Qa4 Ne5 15.
Bb5 Re7 16.Ba5 Qb8 17.Nf4 a6 18.Be2 Re8 19.Bc3 Qa7 20.Rfd1 Rad8 21.Bb5 
Nfd7 22.Bxe5 Nb6 23.Qa5 Rxe5 24.Nd3 Rg5 25.Nxc5 d4 26.exd4 h5 27.h4 Rgd5 
28.Be2 Rxd4 29.Nxb7 Qxb7 30.Qxh5 Na4 31.Rxd4 Rxd4 32.Nf5 Rd2 33.b3 Nb6 34.
Bf3 Qa7 35.a4 Nd7 36.Rc8 Qxf2+ 37.Kh2 Qe1 38.Qg5 Qe5+ 39.Kh3 Rd3 40.Ne7+ 
Kh7 41.Qxe5 Nxe5 42.Rxf8 Nxf3 43.gxf3 Rxf3+ 44.Kg4 Rxb3 45.Rxf7 Rb7 46.h5 
a5 47.h6 Rb4+ 48.Kg5 1-0

[Event "13th Reykjavik op"]
[Site "Reykjavik ISL"]
[Date "1988.02.29"]
[Round "6.13"]
[White "Arnason, Asgeir Thor"]
[Black "Barle, Janez"]
[Result "0-1"]
[WhiteElo "2300"]
[BlackElo "2425"]
[EventDate "1988.02.23"]
[PlyCount "86"]

1.e4 e5 2.Nf3 Nc6 3.Bb5 Nd4 4.Nxd4 exd4 5.Bc4 Nf6 6.O-O Nxe4 7.Bxf7+ Kxf7 
8.Qh5+ g6 9.Qd5+ Kg7 10.Qxe4 Qf6 11.d3 Be7 12.Nd2 c6 13.Re1 Bb4 14.Nf3 d5 
15.Qf4 Bxe1 16.Qc7+ Kg8 17.Bg5 Qf7 18.Qe5 Ba5 19.Bf6 Bc7 20.Qxd4 c5 21.Qh4
Bd7 22.b4 Rf8 23.Be7 Qf4 24.Bxf8 Qxh4 25.Nxh4 Kxf8 26.bxc5 Kf7 27.Rb1 Bc6 
28.Nf3 Re8 29.Kf1 Be5 30.d4 Bf6 31.c3 a6 32.g4 Bb5+ 33.Kg2 Re2 34.a4 Bc6 
35.h4 Rc2 36.Rb3 Ra2 37.h5 gxh5 38.g5 Bg7 39.Rb1 Rxa4 40.Re1 Ra3 41.Re3 a5
42.Nh4 a4 43.f4 Bxd4 0-1

[Event "13th Reykjavik op"]
[Site "Reykjavik ISL"]
[Date "1988.02.29"]
[Round "6.14"]
[White "Agustsson, Johannes"]
[Black "Sorensen, Torben"]
[Result "1-0"]
[WhiteElo "2285"]
[BlackElo "2360"]
[EventDate "1988.02.23"]
[PlyCount "78"]

1.e4 e5 2.Nf3 Nc6 3.Bb5 a6 4.Ba4 Nf6 5.d4 exd4 6.O-O Be7 7.e5 Ne4 8.b4 O-O
9.a3 Nc3 10.Nxc3 dxc3 11.Qd5 Kh8 12.Bf4 f6 13.Rfe1 fxe5 14.Bxe5 Bf6 15.
Rad1 d6 16.Bxc6 bxc6 17.Qxc6 Bg4 18.Bxf6 Qxf6 19.Rd3 h6 20.Rxc3 a5 21.Rce3
axb4 22.axb4 Bxf3 23.Rxf3 Ra1 24.Qe4 Rxe1+ 25.Qxe1 Qd8 26.Re3 Qf6 27.g3 
Rf7 28.h4 Rf8 29.Kg2 Rf7 30.Qe2 Rf8 31.Re4 Qf5 32.c4 Rf7 33.g4 Qf6 34.Kg3 
Rf8 35.Qe3 d5 36.Rf4 Qd8 37.cxd5 Rxf4 38.Qxf4 Kg8 39.Qe5 Qb8 1-0

[Event "13th Reykjavik op"]
[Site "Reykjavik ISL"]
[Date "1988.02.29"]
[Round "6.15"]
[White "Lautier, Joel"]
[Black "Bjarnason, Saevar"]
[Result "0-1"]
[WhiteElo "2290"]
[BlackElo "2335"]
[EventDate "1988.02.23"]
[PlyCount "124"]

1.d4 Nf6 2.c4 d6 3.Nc3 e5 4.Nf3 Nbd7 5.e4 Be7 6.Be2 O-O 7.O-O c6 8.Re1 Qc7
9.Bf1 Re8 10.Qc2 Bf8 11.h3 a6 12.Be3 b5 13.a3 Bb7 14.Rad1 Rac8 15.Qb1 h6 
16.dxe5 dxe5 17.Rc1 Qb8 18.b4 Rc7 19.c5 a5 20.a4 axb4 21.Qxb4 bxa4 22.Nxa4
Ba6 23.Qxb8 Nxb8 24.Bxa6 Nxa6 25.Rc4 Ra7 26.Rb1 Nc7 27.Rb6 Nb5 28.Rb4 Na3 
29.Ne1 Rea8 30.Nc3 Rc7 31.Rb8 Rxb8 32.Rxb8 Nd7 33.Ra8 Nc4 34.Nd3 Nxe3 35.
fxe3 f6 36.Na4 Kf7 37.Kf2 Be7 38.Ke2 Nf8 39.Kd2 Ne6 40.Kc3 Rb7 41.Rc8 Rc7 
42.Rxc7 Nxc7 43.Kb4 Bd8 44.Nb6 Na6+ 45.Ka5 Nb8 46.Kb4 Ke6 47.Nc4 Na6+ 48.
Kc3 Be7 49.Na5 Bxc5 50.Nxc6 Bxe3 51.g4 Nc7 52.Ne1 Kd6 53.Na5 Bd4+ 54.Kc4 
Ne6 55.Nf3 Bf2 56.Nb3 Nf4 57.h4 Ng2 58.h5 Ne3+ 59.Kd3 Nxg4 60.Ke2 Ke6 61.
Nfd2 Ba7 62.Kf3 f5 0-1

[Event "13th Reykjavik op"]
[Site "Reykjavik ISL"]
[Date "1988.02.29"]
[Round "6.18"]
[White "Karason, Askell Orn"]
[Black "Polgar, Zsofia"]
[Result "0-1"]
[WhiteElo "2235"]
[BlackElo "2320"]
[EventDate "1988.02.23"]
[PlyCount "70"]

1.c4 c5 2.Nf3 Nc6 3.Nc3 g6 4.e3 d6 5.d4 cxd4 6.exd4 Bg4 7.Be2 Bg7 8.Be3 
Nh6 9.h3 Bxf3 10.Bxf3 Nf5 11.Qa4 Qd7 12.Bxc6 bxc6 13.Rd1 Rb8 14.Rd2 O-O 
15.O-O Rb7 16.Qc2 Rfb8 17.Qd3 Rb4 18.Ne2 d5 19.c5 e5 20.a3 R4b7 21.dxe5 
Bxe5 22.Nd4 Nxe3 23.fxe3 Re8 24.b4 Bxd4 25.exd4 Qe6 26.Rff2 Rbe7 27.b5 
cxb5 28.Qxb5 Qe1+ 29.Kh2 h5 30.c6 Qe6 31.Qc5 Qc8 32.Qxd5 Qc7+ 33.Kg1 Re1+ 
34.Rf1 Rxf1+ 35.Kxf1 Qf4+ 0-1

[Event "13th Reykjavik op"]
[Site "Reykjavik ISL"]
[Date "1988.02.29"]
[Round "6.23"]
[White "Thorsteinsson, Thorsteinn"]
[Black "Briem, Stefan"]
[Result "1-0"]
[WhiteElo "2295"]
[BlackElo "2225"]
[EventDate "1988.02.23"]
[PlyCount "65"]

1.d4 g6 2.e4 d6 3.f4 Bg7 4.Nf3 Bg4 5.Be2 c5 6.dxc5 Qa5+ 7.Bd2 Qxc5 8.Bc3 
Nf6 9.Nbd2 Nc6 10.Nb3 Qb6 11.Nfd4 Bxe2 12.Qxe2 O-O 13.O-O-O a5 14.Rhe1 a4 
15.Nxc6 bxc6 16.Nd2 Rfb8 17.Nc4 Qb7 18.Qf3 d5 19.e5 Ne4 20.Rxe4 dxe4 21.
Qxe4 Qc7 22.g4 c5 23.f5 Rd8 24.Rf1 Bh6+ 25.Kb1 Qd7 26.a3 Ra6 27.e6 Qd5 28.
Qe2 f6 29.Ne5 fxe5 30.Qxa6 gxf5 31.gxf5 Bf4 32.Qe2 Rf8 33.Rxf4 1-0

[Event "13th Reykjavik op"]
[Site "Reykjavik ISL"]
[Date "1988.02.29"]
[Round "6.25"]
[White "Halldorsson, Bragi"]
[Black "Arnason, Arni Arman"]
[Result "0-1"]
[WhiteElo "2260"]
[BlackElo "2215"]
[EventDate "1988.02.23"]
[PlyCount "86"]

1.d4 d5 2.c4 e6 3.Nc3 Be7 4.Nf3 Nf6 5.Bg5 h6 6.Bh4 O-O 7.e3 Ne4 8.Bxe7 
Qxe7 9.cxd5 Nxc3 10.bxc3 exd5 11.Qb3 Rd8 12.Bd3 Nc6 13.O-O b6 14.Rfe1 Be6 
15.Qc2 Na5 16.e4 Qa3 17.e5 c5 18.Nd2 cxd4 19.cxd4 Rac8 20.Qb1 Rc3 21.Bh7+ 
Kh8 22.f4 Qa4 23.f5 Bc8 24.e6 Kxh7 25.Nf3 fxe6 26.fxe6+ g6 27.Kh1 Nc6 28.
Nh4 Qc2 29.Qb5 Qd3 30.Qb2 Qxd4 31.Rad1 Rd3 32.Qc2 Qxh4 33.Qxd3 Qe7 34.Qb5 
Qd6 35.Rc1 Nd4 36.Qa4 Nxe6 37.Qxa7+ Bd7 38.Rb1 b5 39.a4 b4 40.a5 d4 41.a6 
Kg8 42.Qb7 Bc6 43.Qb6 Bxg2+ 0-1

[Event "13th Reykjavik op"]
[Site "Reykjavik ISL"]
[Date "1988.03.01"]
[Round "7.1"]
[White "Thorhallsson, Throestur"]
[Black "Arnason, Jon"]
[Result "0-1"]
[WhiteElo "2415"]
[BlackElo "2510"]
[EventDate "1988.02.23"]
[PlyCount "124"]

1.d4 Nf6 2.g3 e6 3.Bg2 c5 4.c3 Nc6 5.Nf3 Be7 6.O-O O-O 7.Re1 d5 8.Bf4 cxd4
9.Nxd4 Qb6 10.Be3 Ng4 11.Nxc6 Qxc6 12.Bc1 Bc5 13.e3 Ne5 14.Qe2 Bd7 15.e4 
Qb5 16.exd5 Nd3 17.c4 Qxc4 18.Be3 Bxe3 19.fxe3 exd5 20.Na3 Qa6 21.Red1 Nb4
22.Qxa6 bxa6 23.Bxd5 Nxd5 24.Rxd5 Be6 25.Rd4 Rfc8 26.b3 Rc3 27.Rad1 g5 28.
Kf2 Rac8 29.h4 R8c5 30.hxg5 Ra5 31.Nc4 Rxa2+ 32.Kf3 Rxb3 33.Ne5 Rb5 34.Ke4
Rf2 35.g4 Bb3 36.Rd8+ Kg7 37.Nd3 Rg2 38.Nf4 Rh2 39.R8d7 Rxg5 40.Nh5+ Kh6 
41.R1d6+ Rg6 42.Nf4 Rxd6 43.Rxd6+ Kg5 44.Kf3 Rh6 45.Rd7 Rc6 46.Rxa7 Kf6 
47.Ra8 h6 48.Re8 a5 49.Ra8 a4 50.Ra5 Ke7 51.Nd3 Rb6 52.e4 Kd6 53.Nb2 Rb4 
54.Nd3 Rb6 55.Nc5 a3 56.Kf4 Bc4 57.e5+ Kc6 58.Ne4 a2 59.Nc3 Rb2 60.Ke3 Rg2
61.Ra4 Bb3 62.Ra3 Kc5 0-1

[Event "13th Reykjavik op"]
[Site "Reykjavik ISL"]
[Date "1988.03.01"]
[Round "7.3"]
[White "Dolmatov, Sergei"]
[Black "Kotronias, Vasilios"]
[Result "1/2-1/2"]
[WhiteElo "2565"]
[BlackElo "2475"]
[EventDate "1988.02.23"]
[PlyCount "92"]

1.e4 c5 2.Nf3 e6 3.d4 cxd4 4.Nxd4 Nc6 5.Nc3 Qc7 6.Be2 a6 7.O-O Nf6 8.Be3 
Bb4 9.Na4 Be7 10.Nxc6 bxc6 11.Nb6 Rb8 12.Nxc8 Qxc8 13.e5 Nd5 14.Bc1 Bc5 
15.c4 Ne7 16.b3 Qc7 17.Bb2 Ng6 18.Qd3 O-O 19.Qe4 f5 20.exf6 gxf6 21.Rad1 
Qf4 22.Qc2 Rf7 23.g3 Qh6 24.Kh1 a5 25.f4 f5 26.Bf3 Bf8 27.c5 a4 28.Rd3 
axb3 29.Rxb3 Rxb3 30.axb3 Bg7 31.b4 Bxb2 32.Qxb2 Qg7 33.Qd2 Re7 34.b5 cxb5
35.Rb1 Kf7 36.Rxb5 Qa1+ 37.Kg2 Qa3 38.Qd4 Qa2+ 39.Rb2 Qa1 40.h4 e5 41.fxe5
Nxe5 42.Bd5+ Kg7 43.Qd2 f4 44.gxf4 Ng6 45.Kh2 Qf1 46.Qf2 Qxf2+ 1/2-1/2

[Event "13th Reykjavik op"]
[Site "Reykjavik ISL"]
[Date "1988.03.01"]
[Round "7.6"]
[White "Polgar, Zsuzsa"]
[Black "Petursson, Margeir"]
[Result "1/2-1/2"]
[WhiteElo "2475"]
[BlackElo "2540"]
[EventDate "1988.02.23"]
[PlyCount "188"]

1.d4 Nf6 2.Nf3 e6 3.Bg5 c5 4.e3 Be7 5.Nbd2 cxd4 6.exd4 b6 7.Bd3 Bb7 8.O-O 
O-O 9.Re1 d6 10.a4 a6 11.c3 Nbd7 12.Nc4 b5 13.axb5 axb5 14.Rxa8 Qxa8 15.
Na3 b4 16.cxb4 h6 17.Bf4 Nb6 18.b5 Rc8 19.Qe2 Qa4 20.Be3 Qb4 21.Rb1 Bd5 
22.Qd2 Qb3 23.Qd1 Qxd1+ 24.Rxd1 Bxf3 25.gxf3 Nfd5 26.f4 f5 27.Rc1 Rxc1+ 
28.Bxc1 Kf7 29.Nc4 Nxc4 30.Bxc4 Nb6 31.b3 d5 32.Bd3 Bb4 33.Kf1 Bc3 34.Be3 
Ke7 35.Ke2 Kd7 36.Kd1 Kc7 37.Kc2 Be1 38.Kd1 Bb4 39.Bd2 Bxd2 40.Kxd2 Nc8 
41.Be2 Nd6 42.Bd3 Ne8 43.Ke2 Kb6 44.Ke3 Ka5 45.Kd2 Nf6 46.h3 Nd7 47.Kc3 
Nf8 48.Kd2 Kb4 49.Ke2 Ka5 50.Kd2 h5 51.Be2 h4 52.Bd3 Ng6 53.Ke3 Ne7 54.Kd2
Nc8 55.Kc3 Nd6 56.Kd2 Kb4 57.Kc2 Nb7 58.Be2 g6 59.b6 Ka5 60.Kc3 Kxb6 61.b4
Nd6 62.f3 Kc6 63.Bf1 Ne8 64.Be2 Nc7 65.Bf1 Na8 66.Be2 Nb6 67.Bf1 Nc8 68.
Be2 Kc7 69.Bf1 Nd6 70.Bd3 Nf7 71.Kd2 Kb6 72.Bf1 Nd6 73.Kc3 Ne8 74.Be2 Nf6 
75.Kd2 Nh5 76.Ke3 Kc6 77.Bf1 Ng7 78.Kd2 Ne8 79.Kc2 Kc7 80.Kc3 Nd6 81.Bd3 
Kd8 82.Bf1 Ke7 83.Be2 Nc8 84.Ba6 Nd6 85.Be2 Nf7 86.Kd2 Kf6 87.Ke3 Nd6 88.
Ba6 g5 89.Be2 Nc8 90.b5 Nb6 91.Bf1 Na4 92.Bd3 Nb6 93.Bf1 Nd7 94.Be2 Nb6 
1/2-1/2

[Event "13th Reykjavik op"]
[Site "Reykjavik ISL"]
[Date "1988.03.01"]
[Round "7.7"]
[White "Adorjan, Andras"]
[Black "Gislason, Gudmundur"]
[Result "1-0"]
[WhiteElo "2540"]
[BlackElo "2295"]
[EventDate "1988.02.23"]
[PlyCount "87"]

1.c4 c5 2.Nf3 Nf6 3.Nc3 e6 4.g3 b6 5.Bg2 Bb7 6.O-O Be7 7.b3 O-O 8.Bb2 d6 
9.e3 Nbd7 10.d4 a6 11.d5 e5 12.a4 Ne8 13.Qc2 g6 14.Nd2 f5 15.f4 Bf6 16.
Rae1 Ng7 17.Bh3 Re8 18.e4 exf4 19.exf5 Bd4+ 20.Kg2 Rxe1 21.Rxe1 fxg3 22.
fxg6 gxh2 23.Nf3 Ne5 24.gxh7+ Kh8 25.Rxe5 dxe5 26.Ne4 Qf8 27.Neg5 Qf6 28.
Kxh2 Re8 29.Qd2 Bxb2 30.Qxb2 Qf4+ 31.Kh1 Re7 32.Qh2 Qf6 33.Qxe5 Ne8 34.
Qxf6+ Nxf6 35.Ne5 Nxh7 36.Ng6+ Kg7 37.Nxe7 Nxg5 38.Bc8 Bxc8 39.Nxc8 Ne4 
40.d6 Nf6 41.Nxb6 Kf7 42.Kg2 Ke8 43.Kf3 Kd8 44.Kf4 1-0

[Event "13th Reykjavik op"]
[Site "Reykjavik ISL"]
[Date "1988.03.01"]
[Round "7.9"]
[White "Dizdar, Goran"]
[Black "Agustsson, Johannes"]
[Result "1-0"]
[WhiteElo "2490"]
[BlackElo "2285"]
[EventDate "1988.02.23"]
[PlyCount "111"]

1.Nf3 Nf6 2.g3 e6 3.Bg2 d5 4.O-O Be7 5.c4 O-O 6.b3 c5 7.Bb2 Nc6 8.e3 b6 9.
Nc3 Bb7 10.cxd5 Nxd5 11.Nxd5 Qxd5 12.d4 Nb4 13.Ne1 Qd7 14.Bxb7 Qxb7 15.
dxc5 Bxc5 16.a3 Rfd8 17.Qg4 f5 18.Qc4 Nd5 19.e4 fxe4 20.Qxe4 Qf7 21.Nd3 
Rac8 22.Rfe1 Re8 23.Rac1 Nf6 24.Qe2 Qd7 25.Rcd1 Qf7 26.Rc1 Qd7 27.Ne5 Qd5 
28.b4 Bf8 29.Nd3 Rxc1 30.Rxc1 Bd6 31.Ne5 Bb8 32.Rd1 Qb7 33.b5 Nd5 34.Nc6 
Qf7 35.Re1 Bd6 36.Qg4 Bc5 37.Re2 Nf6 38.Qf3 Qg6 39.Kg2 Nd5 40.Qe4 Qxe4+ 
41.Rxe4 Nf6 42.Ra4 Ra8 43.Rxa7 Rxa7 44.Nxa7 Nd5 45.Nc6 g6 46.Kf3 Kf8 47.a4
Ke8 48.h4 Kf8 49.Ne5 Bb4 50.Bd4 Ke8 51.Nc4 Bc5 52.Bxc5 bxc5 53.a5 Kd8 54.
a6 Kc8 55.b6 Kb8 56.Ke4 1-0

[Event "13th Reykjavik op"]
[Site "Reykjavik ISL"]
[Date "1988.03.01"]
[Round "7.10"]
[White "Stefansson, Hannes Hlifar"]
[Black "Thorsteins, Karl"]
[Result "1/2-1/2"]
[WhiteElo "2395"]
[BlackElo "2440"]
[EventDate "1988.02.23"]
[PlyCount "43"]

1.e4 c5 2.Nf3 Nc6 3.d4 cxd4 4.Nxd4 Nf6 5.Nc3 d6 6.Bc4 Qb6 7.Nb3 e6 8.O-O 
Be7 9.Bg5 a6 10.a4 Qc7 11.a5 O-O 12.Re1 Nxa5 13.Nxa5 b6 14.Bd5 Nxd5 15.
Nxd5 exd5 16.Bxe7 Qxe7 17.exd5 Qf6 18.Nc4 b5 19.Nb6 Rb8 20.Nxc8 Rbxc8 21.
c3 b4 22.cxb4 1/2-1/2

[Event "13th Reykjavik op"]
[Site "Reykjavik ISL"]
[Date "1988.03.01"]
[Round "7.11"]
[White "Barle, Janez"]
[Black "Hansson, Dan"]
[Result "1-0"]
[WhiteElo "2425"]
[BlackElo "2280"]
[EventDate "1988.02.23"]
[PlyCount "105"]

1.e4 e5 2.Nf3 Nc6 3.Bc4 Bc5 4.Nc3 Nf6 5.d3 d6 6.Bg5 h6 7.Bxf6 Qxf6 8.Nd5 
Qd8 9.c3 O-O 10.b4 Bb6 11.a4 a6 12.Nxb6 cxb6 13.O-O g5 14.Nd2 Kg7 15.Qb3 
Ne7 16.Rfd1 f5 17.Be6 f4 18.d4 Rf6 19.Bxc8 Rxc8 20.b5 a5 21.dxe5 dxe5 22.
Nc4 Qc7 23.Qa3 Re6 24.Nb2 Qxc3 25.Qxc3 Rxc3 26.Rd7 Rc2 27.Nd3 Kf6 28.f3 h5
29.h3 Nc8 30.Rxb7 Rd6 31.Ne1 Rc4 32.Rh7 Kg6 33.Rh8 Ne7 34.Re8 Kf7 35.Rb8 
Rc7 36.Kf1 Rcd7 37.Rc1 Ng6 38.Rc6 Ne7 39.Rcxb6 Rxb6 40.Rxb6 Rd4 41.Ra6 
Rxa4 42.Nd3 Ng6 43.b6 Ra1+ 44.Ke2 Rb1 45.Nc5 Nf8 46.b7 Rb2+ 47.Kf1 Rb1+ 
48.Kf2 Rb2+ 49.Kg1 Rb1+ 50.Kh2 g4 51.hxg4 hxg4 52.fxg4 a4 53.Ra8 1-0